000 00343nam a22001457a 4500
003 OSt
005 20260110175525.0
008 260110b |||||||| |||| 00| 0 eng d
020 _a9780230221062
040 _cacl
082 _a355.8 DAV
100 _aDavison, Neil
245 _aNon- lethal weapons
_cby Neil Davison
942 _2ddc
_cENGLISH
999 _c608167
_d608167